00793nam a22002417a 45000010005000000030006000050050017000110080041000280200018000690400029000870500015001160820012001311000021001432450066001642600035002303000059002654900038003245050008003625200116003705210020004865210020005066000025005263016FISKH20240130153824.0240130b cb ||||| |||| 00| 0 eng d a9780439046008 aFISKHbengcFISKHdFISKH aQA113.C357 a513.211 aCanizares, Susan aHow many can play?/cby Canizares, Susan and Chessen, Betsey  aNew York :bScholastic, c2012 a12 unnumbered pages : bcolor illustrations ;c19 cm . a Learning Center Emergent Readers aC  aA counting book presenting children engaged in various sports, including swimming, football, and rollerblading.8 a140 bLexile 8 aC bRaz-Plus  2sports vnon-fiction